<?xml version="1.0" encoding="UTF-8"?>
<marc:record xmlns:marc="http://www.loc.gov/MARC21/slim">
   <marc:leader>00000nam a2200000 a 4500</marc:leader>
   <marc:datafield ind1="1" ind2=" " tag="100">
      <marc:subfield code="a">Meadows, Daisy</marc:subfield>
      <marc:subfield code="4">aut</marc:subfield>
      <marc:subfield code="e">Verfasser/-in</marc:subfield>
   </marc:datafield>
   <marc:datafield ind1=" " ind2=" " tag="653">
      <marc:subfield code="a">Zauberei</marc:subfield>
   </marc:datafield>
   <marc:datafield ind1=" " ind2=" " tag="653">
      <marc:subfield code="a">Fee</marc:subfield>
   </marc:datafield>
   <marc:datafield ind1=" " ind2=" " tag="653">
      <marc:subfield code="a">Antolin Klasse-3</marc:subfield>
   </marc:datafield>
   <marc:datafield ind1="0" ind2="0" tag="245">
      <marc:subfield code="a">Trixi Tausendschön</marc:subfield>
   </marc:datafield>
   <marc:datafield ind1=" " ind2="1" tag="264">
      <marc:subfield code="b">Loewe</marc:subfield>
      <marc:subfield code="c">2009</marc:subfield>
   </marc:datafield>
   <marc:datafield ind1="1" ind2=" " tag="490">
      <marc:subfield code="a">Die fabelhaften Zauberfeen</marc:subfield>
   </marc:datafield>
   <marc:datafield ind1="1" ind2=" " tag="520">
      <marc:subfield code="a">Wieder gilt es, die Pläne eines bösen Kobolds zu vereiteln. (ab 8) (JE) Mona und Kathy packen ein wunderschönes Geburtstagsgeschenk für Charlotte ein und sind gespannt, ob diesmal alles gut gehen wird - oder ob der böse Zauberer Jack Frost wieder alles versuchen wird, um eine schöne Geburtstagsparty zu zerstören. Prompt stellt sich heraus, dass Charlottes Kleid mit hässlichen Flecken beschmutzt ist. Mona und Kathy ist sofort klar, dass nur ein Kobold hinter dieser Bösartigkeit stecken kann, und sie wissen, dass sie schnell handeln müssen, damit die Fee Trixi Tausendschön ihrerseits ungefährdet die Party vor weiteren üblen Gemeinheiten bewahren kann. Auf keinen Fall darf es dem Kobold gelingen, ihr magisches Partytäschchen zu stehlen! Wie bei den vorangegangenen Bänden ist auch dieses Cover in kitschigen Farben gehalten, die durchgehend schwarz-weißen Illustrationen lockern den Text auf und der Band wird kleinen Leserinnen sehr gefallen. Der Nachfolgeband mit der kleinen Zauberfee Sissy Silberschleife ist ebenfalls bereits erschienen sowie der Sammelband "Gefahr auf der Feeninsel". Dieser enthält die Einzelbände "Hilfe für Holly Himmelblau", "Nur Mut, Milli Meerblau!" und "Wo ist Vicky Violett?". Empfohlen ab 8 Jahren.</marc:subfield>
   </marc:datafield>
   <marc:datafield ind1=" " ind2=" " tag="020">
      <marc:subfield code="a">9783785566626</marc:subfield>
      <marc:subfield code="9">9783785566626</marc:subfield>
   </marc:datafield>
</marc:record>
